00646 2200229 4500001002100000005001700021008004100038020001800079035002500097082001700122090001700139100001700156245008300173250001100256260003400267300004400301700000800345850001200353990001700365990001700382990001700399INLIS00000000000149420150224113809.0  a979-26-1915-1 a0010-011500000000134 a005.54 Dan J a005.54 Dan J aDANNY WIJAYA aJalan pintas mahir Microsoft Excel 2010 setingkat grand masterc/ DANNY WIJAYA aCet. 1 aYogyakartabCitra Mediac2012 aiv, 86 hlm.b: ilus. ;c16 cm. [3 eks.] aAra aYOPDYOG a9947-PD/B.14 a9948-PD/B.14 a9949-PD/B.14